000 00394nam a2200181Ia 4500
008 151202s9999||||xx |||||||||||||| ||und||
082 _bPNVM-71436
100 _aROBERTS NORA.
245 _aBirthrighr.
260 _b---
260 _c71436
300 _a0
600 _aROBERTS NORA.
630 _aBirthrighr.
700 _aROBERTS NORA.
730 _aBirthrighr.
942 _cBOOK
999 _c1338074
_d1338071